[Event "PRO League Eastern 2017"]
[Site "chess.com INT"]
[Date "2017.01.18"]
[Round "2"]
[White "Yatzenko, Anton"]
[Black "Abdumalik, Zhansaya"]
[Result "1-0"]
[BlackTitle "WGM"]
[WhiteElo "2361"]
[BlackElo "2430"]
[WhiteTeam "Gorky Stormbringers"]
[BlackTeam "Shymkent Nomads"]
[WhiteFideId "4157826"]
[BlackFideId "13703544"]
[EventDate "2017.01.11"]

1. d4 Nf6 2. Nf3 g6 3. Bg5 Bg7 4. Nbd2 d5 5. e3 h6 6. Bh4 O-O 7. Be2 c5 8. c3
Nc6 9. dxc5 a5 10. a4 e5 11. O-O Qe7 12. Nb3 Rd8 13. Bxf6 Bxf6 14. Bb5 Bg7 15.
Re1 g5 16. Nfd2 Be6 17. Qh5 f6 18. Bd3 e4 19. Be2 Bf7 20. Qh3 Qe5 21. Nd4 Ne7
22. Bh5 f5 23. Bxf7+ Kxf7 24. Qh5+ Kg8 25. b4 Nc6 26. N2b3 axb4 27. Nxc6 bxc6
28. cxb4 Qc3 29. Nd4 Bxd4 30. exd4 Kg7 31. h4 Qxd4 32. hxg5 Rh8 33. Qh2 Raf8 34.
Rad1 Qb2 35. Qc7+ Rf7 36. Qxc6 hxg5 37. Qxd5 Qxb4 38. Qe5+ Rf6 39. Rd7+ Kg6 40.
Red1 Rhf8 41. Qh2 R8f7 42. Rxf7 Rxf7 43. Qe5 Rf6 44. Qe8+ Kh6 45. Qh8+ Kg6 46.
Rd7 Qe1+ 47. Kh2 Rc6 48. Rg7+ Kf6 49. Rc7+ 1-0

[Event "PRO League Eastern 2017"]
[Site "chess.com INT"]
[Date "2017.01.18"]
[Round "2"]
[White "Yatzenko, Anton"]
[Black "Balabaev, Timur"]
[Result "1-0"]
[BlackTitle "IM"]
[WhiteElo "2361"]
[BlackElo "2393"]
[WhiteTeam "Gorky Stormbringers"]
[BlackTeam "Shymkent Nomads"]
[WhiteFideId "4157826"]
[BlackFideId "13700847"]
[EventDate "2017.01.11"]

1. d4 Nf6 2. Nf3 g6 3. Bg5 Bg7 4. Nbd2 O-O 5. c3 d6 6. e4 c5 7. dxc5 dxc5 8. Be2
Nc6 9. O-O Qc7 10. Qc2 h6 11. Bh4 Nh5 12. Rfe1 b6 13. Bf1 Bg4 14. Bg3 Nxg3 15.
hxg3 Rad8 16. Nc4 Rd7 17. Ne3 Be6 18. Bb5 Rfd8 19. Qa4 Rd6 20. Nd5 Bxd5 21. exd5
Na5 22. Qe4 e6 23. dxe6 Rxe6 24. Qh4 Rdd6 25. Qf4 Qd8 26. Qa4 Qc7 27. Rxe6 Rxe6
28. Rd1 Nc6 29. Bxc6 Rxc6 30. Rd5 a5 31. Qd1 Bf6 32. Rd7 Qc8 33. Ne5 Re6 34. Qd5
Bxe5 35. Rd8+ Qxd8 36. Qxd8+ Kg7 37. a4 Bf6 38. Qc7 Be5 39. Qb7 h5 40. f4 Bf6
41. Kf2 Rd6 42. Ke3 Bd8 43. Qb8 Rd7 44. Qc8 Rd6 45. g4 hxg4 46. Qxg4 Re6+ 47.
Kd3 Rd6+ 48. Kc4 Rd2 49. f5 Bf6 50. Kb3 Rd6 51. Qf4 Rd7 52. g4 g5 53. Qe3 Rd8
54. Kc4 Rd7 55. Kb5 Bd8 56. Qe5+ Bf6 57. Qh2 Bd8 58. Kc6 Rd3 59. Qe5+ f6 60. Qe2
c4 61. Qe4 Rd2 62. Qxc4 Rxb2 63. Kd7 b5 64. axb5 Bb6 65. Ke8 1-0

[Event "PRO League Eastern 2017"]
[Site "chess.com INT"]
[Date "2017.01.18"]
[Round "2"]
[White "Murali, Krishna G."]
[Black "Debashis, Das"]
[Result "0-1"]
[BlackTitle "GM"]
[WhiteElo "2068"]
[BlackElo "2472"]
[WhiteTeam "Amaravati Yodhas"]
[BlackTeam "Odisha Express"]
[WhiteFideId "5018030"]
[BlackFideId "5024854"]
[EventDate "2017.01.11"]

1. e4 c5 2. d4 cxd4 3. c3 Nf6 4. e5 Nd5 5. cxd4 d6 6. exd6 e6 7. d7+ Bxd7 8. Nf3
Bc6 9. Nc3 Nd7 10. Bc4 Nxc3 11. bxc3 Qc7 12. Be2 Bd6 13. h3 O-O 14. O-O Bd5 15.
Bd2 Nb6 16. Bd3 Bc4 17. Qe2 Rac8 18. Bxh7+ Kxh7 19. Ng5+ Kg8 20. Qh5 Bd3 21.
Rfe1 Nc4 22. Re2 Bg6 23. Qg4 Nxd2 24. Rxd2 Qxc3 25. Rdd1 Qc2 0-1

[Event "PRO League Eastern 2017"]
[Site "chess.com INT"]
[Date "2017.01.18"]
[Round "2"]
[White "Murali, Krishna G."]
[Black "Rakesh, Kumar Jena"]
[Result "0-1"]
[BlackTitle "FM"]
[WhiteElo "2068"]
[BlackElo "2335"]
[WhiteTeam "Amaravati Yodhas"]
[BlackTeam "Odisha Express"]
[WhiteFideId "5018030"]
[BlackFideId "5084822"]
[EventDate "2017.01.11"]

1. e4 c5 2. d4 cxd4 3. c3 dxc3 4. Nxc3 Nc6 5. Bc4 e6 6. Nf3 a6 7. O-O Nge7 8.
Qe2 Ng6 9. Rd1 Be7 10. Be3 O-O 11. Rac1 b5 12. Bb3 Bb7 13. Qd2 d6 14. Bg5 Bxg5
15. Nxg5 Qf6 16. Qe3 Qf4 17. Qxf4 Nxf4 18. g3 Ng6 19. Rxd6 Nce5 20. f4 Nc4 21.
Bxc4 bxc4 22. Kf2 Rab8 23. Ke3 h6 24. Nf3 Rfc8 25. Rcd1 Kf8 26. h4 Ke7 27. Rd7+
Ke8 28. R1d2 Ne7 29. R7d4 f5 30. g4 h5 31. gxf5 exf5 32. e5 Rd8 33. Ng5 Rxd4 34.
Rxd4 Ng6 35. Ne6 Kf7 36. Nc5 Bc6 37. Rd6 Rc8 38. Ne6 Be8 39. Ng5+ Kf8 40. Nd5
Rc6 41. Ne6+ Kg8 42. Nd4 Rxd6 43. exd6 Kf7 44. Nxf5 Bd7 45. Ng3 Nxh4 46. Nxh5
Nf5+ 47. Ke4 Ke6 48. Ne3 Bc6+ 49. Nd5 Bxd5# 0-1

[Event "PRO League Eastern 2017"]
[Site "chess.com INT"]
[Date "2017.01.18"]
[Round "2"]
[White "Tadic, Branko"]
[Black "Gledura, Benjamin"]
[Result "0-1"]
[WhiteTitle "GM"]
[BlackTitle "GM"]
[WhiteElo "2472"]
[BlackElo "2589"]
[WhiteTeam "Belgrade Sparrows"]
[BlackTeam "Budapest Gambit"]
[WhiteFideId "916412"]
[BlackFideId "712779"]
[EventDate "2017.01.11"]

1. d4 d5 2. Nf3 Nf6 3. c4 c6 4. e3 e6 5. Bd3 Bd6 6. O-O Ne4 7. b3 Qe7 8. Qc2 f5
9. a4 Na6 10. Ba3 Nb4 11. Qe2 a5 12. Ne5 O-O 13. f3 Nc5 14. Bxb4 axb4 15. Bc2
Bxe5 16. dxe5 b6 17. Nd2 Ba6 18. Rfd1 Rfd8 19. Qe1 dxc4 20. bxc4 Nb7 21. Rab1
Na5 22. Nb3 Nxc4 23. Rxd8+ Rxd8 24. Nd4 Rc8 25. Bb3 c5 26. Nxf5 exf5 27. Qe2 Qe6
28. Rc1 Ra8 29. Rxc4 Kh8 30. f4 Bxc4 31. Bxc4 Qd7 32. Qf3 Rd8 33. e6 Qd1+ 34.
Qxd1 Rxd1+ 35. Kf2 Rd8 36. Ke2 Re8 37. e4 fxe4 38. f5 h5 39. Ke3 Kg8 40. Kxe4
Kf8 41. Bb5 Rd8 42. Bd7 Ke7 43. g3 b3 44. Kd3 c4+ 45. Kc3 Rxd7 46. exd7 Kxd7 47.
h3 Kd6 48. g4 hxg4 49. hxg4 Ke5 0-1

[Event "PRO League Eastern 2017"]
[Site "chess.com INT"]
[Date "2017.01.18"]
[Round "2"]
[White "Mihok, Oliver"]
[Black "Tadic, Branko"]
[Result "1-0"]
[WhiteTitle "GM"]
[BlackTitle "GM"]
[WhiteElo "2505"]
[BlackElo "2472"]
[WhiteTeam "Budapest Gambit"]
[BlackTeam "Belgrade Sparrows"]
[WhiteFideId "728012"]
[BlackFideId "916412"]
[EventDate "2017.01.11"]

1. e4 c5 2. Nf3 d6 3. d4 cxd4 4. Nxd4 Nf6 5. Nc3 a6 6. Be3 e5 7. Nb3 Be6 8. f3
Be7 9. Qd2 O-O 10. O-O-O Nbd7 11. g4 b5 12. g5 Nh5 13. Nd5 Bxd5 14. exd5 f5 15.
gxf6 Bxf6 16. Bh3 Nf4 17. Be6+ Kh8 18. Kb1 Bg5 19. h4 Bh6 20. Nc1 Rf6 21. Bg4
Nb6 22. Bxb6 Qxb6 23. Qc3 Rb8 24. Rh2 b4 25. Qc6 a5 26. Nb3 Qb5 27. Bd7 Qb6 28.
Qxb6 Rxb6 29. Nxa5 Nh5 30. Nc4 Rb8 31. Bg4 Ng3 32. Rg2 Bf4 33. Rdg1 h5 34. Be6
e4 35. fxe4 Nxe4 36. Rxg7 Bh6 37. R7g6 Rbf8 38. a4 Rxg6 39. Rxg6 Kh7 40. Rg1 Rf4
41. a5 Nc5 42. Nxd6 Rxh4 43. Bf5+ Kh8 44. Nf7# 1-0

[Event "PRO League Eastern 2017"]
[Site "chess.com INT"]
[Date "2017.01.18"]
[Round "2"]
[White "Borisek, Jure"]
[Black "Neiksans, Arturs"]
[Result "1/2-1/2"]
[WhiteTitle "GM"]
[BlackTitle "GM"]
[WhiteElo "2565"]
[BlackElo "2627"]
[WhiteTeam "Ljubljana Direwolves"]
[BlackTeam "Riga Magicians"]
[WhiteFideId "14603152"]
[BlackFideId "11601388"]
[EventDate "2017.01.11"]

1. e4 c5 2. Nf3 e6 3. d4 cxd4 4. Nxd4 Nc6 5. Nc3 Qc7 6. Be3 a6 7. Qf3 Bd6 8.
O-O-O Be5 9. g3 Nge7 10. Qe2 O-O 11. f4 Bxd4 12. Bxd4 Nxd4 13. Rxd4 e5 14. Rd2
exf4 15. e5 Ng6 16. Nd5 Qa5 17. a3 Re8 18. gxf4 d6 19. Qc4 Be6 20. Qc7 Qxd2+ 21.
Kxd2 Bxd5 22. Rg1 dxe5 23. fxe5 Nxe5 24. Be2 Bf3 25. Rg5 Rac8 26. Rxe5 Red8+ 27.
Qxd8+ Rxd8+ 28. Bd3 g6 29. b4 Kf8 30. c4 f5 31. Kc3 Bg2 32. a4 Kf7 33. a5 Kf6
34. Re1 f4 35. h4 f3 36. Bf1 f2 37. Re2 Rd3+ 38. Kc2 Bxf1 39. Rxf2+ Kg7 40. Rxf1
Rd4 41. Kc3 Rxh4 42. b5 h5 43. bxa6 bxa6 44. c5 Re4 45. Kd3 Re8 46. c6 h4 47. c7
g5 48. Rc1 Rc8 49. Ke4 Kg6 50. Kf3 Kf5 51. Rc5+ Ke6 52. Kg4 Kd6 53. Rxg5 Kxc7
54. Rg6 Kb7 55. Kxh4 Rc5 56. Kg3 Rxa5 57. Kf2 Re5 58. Rg3 a5 59. Re3 Rd5 60. Ke2
a4 61. Rd3 Rc5 62. Kd2 Kb6 63. Rc3 Rd5+ 64. Kc2 Kb5 65. Rg3 Rd4 66. Rg8 Kb4 67.
Kb2 Rd2+ 68. Kc1 Rh2 69. Kb1 Ka3 70. Rg3+ Kb4 71. Rg4+ Kb3 72. Rg3+ Kb4 73. Rg4+
Kb3 74. Rg3+ Kb4 75. Rg4+ Kb3 76. Rg3+ Kb4 77. Rg4+ 1/2-1/2

[Event "PRO League Eastern 2017"]
[Site "chess.com INT"]
[Date "2017.01.18"]
[Round "2"]
[White "Borisek, Jure"]
[Black "Meskovs, Nikita"]
[Result "1-0"]
[WhiteTitle "GM"]
[BlackTitle "IM"]
[WhiteElo "2565"]
[BlackElo "2490"]
[WhiteTeam "Ljubljana Direwolves"]
[BlackTeam "Riga Magicians"]
[WhiteFideId "14603152"]
[BlackFideId "11602740"]
[EventDate "2017.01.11"]

1. e4 c5 2. Nf3 e6 3. d4 cxd4 4. Nxd4 Nc6 5. Nc3 Qc7 6. Be3 a6 7. Qf3 Bd6 8.
O-O-O Be5 9. g3 Nge7 10. Qe2 O-O 11. f4 Bxd4 12. Bxd4 Nxd4 13. Rxd4 e5 14. Rd2
b5 15. f5 b4 16. Nd5 Nxd5 17. exd5 d6 18. g4 Bd7 19. Bg2 a5 20. Kb1 a4 21. Qe3
f6 22. Be4 Rfc8 23. g5 fxg5 24. Rg1 h6 25. h4 Qa7 26. Qxa7 Rxa7 27. hxg5 hxg5
28. Rxg5 Rc4 29. Rg4 Bc8 30. b3 axb3 31. axb3 Rc5 32. Rdg2 Rca5 33. Kc1 Ra1+ 34.
Kd2 Rf1 35. Bd3 Rf4 36. Rxf4 exf4 37. Rg4 Kf7 38. Rxf4 Kf6 39. Rxb4 Bxf5 40. Rb8
Bxd3 41. Kxd3 Ke5 42. c4 g5 43. Rg8 Kf5 44. Kd4 Ra1 45. Rf8+ Kg6 46. Rd8 Rd1+
47. Ke3 g4 48. Rxd6+ Kg5 49. Rd8 g3 50. Rg8+ Kh4 51. b4 Kh3 52. b5 g2 53. b6 Rb1
54. Rxg2 Kxg2 55. c5 Rb5 56. Kd4 Kf3 57. d6 1-0

[Event "PRO League Eastern 2017"]
[Site "chess.com INT"]
[Date "2017.01.18"]
[Round "2"]
[White "Aghasiyev, Kamal"]
[Black "Yatzenko, Anton"]
[Result "0-1"]
[WhiteTitle "IM"]
[WhiteElo "2411"]
[BlackElo "2361"]
[WhiteTeam "Shymkent Nomads"]
[BlackTeam "Gorky Stormbringers"]
[WhiteFideId "13402854"]
[BlackFideId "4157826"]
[EventDate "2017.01.11"]

1. e4 e5 2. Nf3 Nc6 3. Bb5 a6 4. Ba4 Nf6 5. O-O Be7 6. Re1 b5 7. Bb3 O-O 8. c3
d6 9. h3 Bb7 10. d4 Re8 11. Nbd2 Bf8 12. Bc2 Qd7 13. a3 h6 14. Nf1 g6 15. Ng3
Bg7 16. b3 Rad8 17. d5 Ne7 18. c4 c6 19. a4 Ra8 20. Bb2 Qc7 21. c5 cxd5 22. cxd6
Qxd6 23. Bxe5 Qb4 24. Bxf6 Bxf6 25. e5 Bg7 26. Rb1 Nc6 27. e6 f5 28. h4 h5 29.
Nxf5 gxf5 30. Qxd5 Qf4 31. e7+ Kh8 32. Qf7 Rxe7 33. Rxe7 Nxe7 34. Ng5 Qg4 35. f3
Qxh4 36. Qxe7 Bd4+ 37. Kf1 Qf2# 0-1

[Event "PRO League Eastern 2017"]
[Site "chess.com INT"]
[Date "2017.01.18"]
[Round "2"]
[White "Aghasiyev, Kamal"]
[Black "Gorozhanin, Mikhail"]
[Result "1-0"]
[WhiteTitle "IM"]
[BlackTitle "FM"]
[WhiteElo "2411"]
[BlackElo "2408"]
[WhiteTeam "Shymkent Nomads"]
[BlackTeam "Gorky Stormbringers"]
[WhiteFideId "13402854"]
[BlackFideId "4178262"]
[EventDate "2017.01.11"]

1. e4 e6 2. d4 d5 3. Nd2 Nf6 4. e5 Nfd7 5. Bd3 c5 6. c3 Nc6 7. Ngf3 cxd4 8. cxd4
f6 9. exf6 Qxf6 10. Nb3 Bd6 11. Bg5 Qf7 12. O-O O-O 13. Bh4 Qh5 14. Bg3 Bxg3 15.
hxg3 Nf6 16. Ne5 Qxd1 17. Rfxd1 Nxe5 18. dxe5 Ng4 19. f4 g5 20. Be2 Ne3 21. Rd3
Nf5 22. Bg4 Nh6 23. Bh5 gxf4 24. Rf1 Rf5 25. Bd1 Rxe5 26. gxf4 Rf5 27. Nd4 Rf7
28. Bh5 Re7 29. Rg3+ Rg7 30. Rxg7+ Kxg7 31. Rc1 Kf6 32. Rc7 Nf5 33. Rf7# 1-0

[Event "PRO League Eastern 2017"]
[Site "chess.com INT"]
[Date "2017.01.18"]
[Round "2"]
[White "Arsovic, Goran"]
[Black "Orosz, Andras"]
[Result "1-0"]
[WhiteTitle "IM"]
[BlackTitle "FM"]
[WhiteElo "2401"]
[BlackElo "2323"]
[WhiteTeam "Belgrade Sparrows"]
[BlackTeam "Budapest Gambit"]
[WhiteFideId "901792"]
[BlackFideId "760498"]
[EventDate "2017.01.11"]

1. d4 Nf6 2. Nf3 d5 3. c4 e6 4. Nc3 Be7 5. Bg5 h6 6. Bh4 O-O 7. e3 b6 8. Qb3 Bb7
9. Bxf6 Bxf6 10. cxd5 exd5 11. Be2 c6 12. O-O Na6 13. Rfd1 Nc7 14. Rac1 Re8 15.
Bf1 Qd6 16. Rd2 Ne6 17. Qd1 Ng5 18. Ne1 Ne4 19. Rdc2 Re7 20. Nd3 Rae8 21. b4 Ba6
22. Nxe4 dxe4 23. Rxc6 Qb8 24. Nf4 Bb7 25. R6c2 Bg5 26. Ne2 Qd6 27. a3 h5 28.
Nc3 a6 29. Qxh5 Bf6 30. Bc4 Rd7 31. Be2 g6 32. Qg4 Kg7 33. g3 Qe7 34. Bf1 Rd6
35. Na4 b5 36. Rc7 Qd8 37. Rxb7 bxa4 38. Rcc7 Rf8 39. Bc4 1-0

[Event "PRO League Eastern 2017"]
[Site "chess.com INT"]
[Date "2017.01.18"]
[Round "2"]
[White "Arsovic, Goran"]
[Black "Mihok, Oliver"]
[Result "1-0"]
[WhiteTitle "IM"]
[BlackTitle "GM"]
[WhiteElo "2401"]
[BlackElo "2505"]
[WhiteTeam "Belgrade Sparrows"]
[BlackTeam "Budapest Gambit"]
[WhiteFideId "901792"]
[BlackFideId "728012"]
[EventDate "2017.01.11"]

1. d4 g6 2. Nf3 Bg7 3. g3 c5 4. c3 Na6 5. Bg2 Nf6 6. O-O O-O 7. d5 d6 8. Re1 Nc7
9. e4 Bg4 10. a4 Qc8 11. Na3 b6 12. Nc4 Rb8 13. Bf4 Rd8 14. Qd2 a6 15. Ra3 Nh5
16. Bg5 Bf6 17. Bxf6 Nxf6 18. Qh6 Bxf3 19. Bxf3 e5 20. Kg2 Nce8 21. h4 Ng7 22.
Rh1 Ng4 23. Qg5 h5 24. Rb3 b5 25. axb5 axb5 26. Na5 Re8 27. Nc6 Rb7 28. Ra1 Kh7
29. Bxg4 hxg4 30. Ra5 b4 31. cxb4 cxb4 32. Ra4 f5 33. Raxb4 Rxb4 34. Rxb4 Qd7
35. Ra4 fxe4 36. Rxe4 Qf7 37. Qxg4 Qxd5 38. Nb4 Qb7 39. Qf3 Rf8 40. Rf4 Qxf3+
41. Rxf3 Rb8 42. Nd5 Rxb2 43. Rf8 Nf5 44. Rf7+ Kg8 45. Rd7 Rd2 46. Nf6+ Kf8 47.
Ne4 Rd4 48. Ng5 Rd2 49. h5 gxh5 50. Rf7+ Ke8 51. Rxf5 Kd7 52. Ne4 Re2 53. Kf3
Rb2 54. Rxh5 d5 55. Rxe5 dxe4+ 56. Rxe4 Rb3+ 57. Kf4 Rb2 58. f3 1-0

[Event "PRO League Eastern 2017"]
[Site "chess.com INT"]
[Date "2017.01.18"]
[Round "2"]
[White "Reimanis, Ritvars"]
[Black "Borisek, Jure"]
[Result "0-1"]
[BlackTitle "GM"]
[WhiteElo "2264"]
[BlackElo "2565"]
[WhiteTeam "Riga Magicians"]
[BlackTeam "Ljubljana Direwolves"]
[WhiteFideId "11602988"]
[BlackFideId "14603152"]
[EventDate "2017.01.11"]

1. d4 f5 2. Nf3 Nf6 3. Bf4 d6 4. e3 g6 5. Nbd2 Bg7 6. Bc4 e6 7. h3 Qe7 8. Bh2
Nbd7 9. c3 O-O 10. Qe2 Kh8 11. e4 Nxe4 12. Nxe4 fxe4 13. Qxe4 d5 14. Qe2 dxc4
15. Qxc4 e5 16. O-O-O exd4 17. cxd4 Nb6 18. Qxc7 Qxc7+ 19. Bxc7 Bf5 20. d5 Bh6+
21. Nd2 Nxd5 22. Be5+ Kg8 23. b3 Rac8+ 0-1

[Event "PRO League Eastern 2017"]
[Site "chess.com INT"]
[Date "2017.01.18"]
[Round "2"]
[White "Reimanis, Ritvars"]
[Black "Lenic, Luka"]
[Result "0-1"]
[BlackTitle "GM"]
[WhiteElo "2264"]
[BlackElo "2641"]
[WhiteTeam "Riga Magicians"]
[BlackTeam "Ljubljana Direwolves"]
[WhiteFideId "11602988"]
[BlackFideId "14603853"]
[EventDate "2017.01.11"]

1. d4 Nf6 2. c4 e6 3. Nc3 Bb4 4. e3 O-O 5. Ne2 c5 6. a3 Bxc3+ 7. Nxc3 cxd4 8.
exd4 d5 9. cxd5 Nxd5 10. Be2 Nf6 11. Bf3 Nc6 12. Be3 Ne7 13. Bg5 Nf5 14. d5 h6
15. Bxf6 Qxf6 16. O-O Rd8 17. Be4 Nd6 18. dxe6 Bxe6 19. Qf3 Qxf3 20. Bxf3 Nc4
21. Bxb7 Rab8 22. Be4 Nxb2 23. a4 Rdc8 24. Nb5 Rc4 25. Bf3 a6 26. Nd6 Rxa4 27.
Rxa4 Nxa4 28. Ra1 Nc3 29. Bb7 Nb5 30. Nxb5 axb5 0-1

[Event "PRO League Eastern 2017"]
[Site "chess.com INT"]
[Date "2017.01.18"]
[Round "2"]
[White "Kovalenko, Igor"]
[Black "Borisek, Jure"]
[Result "1-0"]
[WhiteTitle "GM"]
[BlackTitle "GM"]
[WhiteElo "2684"]
[BlackElo "2565"]
[WhiteTeam "Riga Magicians"]
[BlackTeam "Ljubljana Direwolves"]
[WhiteFideId "14117908"]
[BlackFideId "14603152"]
[EventDate "2017.01.11"]

1. c4 c5 2. g3 g6 3. Bg2 Bg7 4. Nc3 Nc6 5. Nf3 d6 6. O-O Nf6 7. Rb1 O-O 8. a3 a5
9. d3 Bd7 10. Ne1 Ne8 11. Nc2 Nc7 12. Bd2 Rb8 13. b4 axb4 14. axb4 Nxb4 15. Nxb4
cxb4 16. Rxb4 b5 17. cxb5 Nxb5 18. Nxb5 Rxb5 19. Rxb5 Bxb5 20. Qb3 Bd7 21. Qb7
Qc8 22. Qa7 Rd8 23. Bg5 Bf6 24. Bxf6 exf6 25. Qd4 Kg7 26. Ra1 Be6 27. h4 h5 28.
Bf3 Qc5 29. Qxc5 dxc5 30. Rc1 Rc8 31. Kf1 Kf8 32. Ke1 Ke7 33. Kd2 Kd6 34. Kc3
Rb8 35. Ra1 Rb3+ 36. Kc2 Rb6 37. e3 f5 38. Ra3 Ke5 39. Ra7 Kd6 40. Ra5 Bb3+ 41.
Kc3 Be6 42. Bd1 Rb1 43. Kc2 Rb6 44. Kc3 Rb1 45. Ra6+ Kc7 46. Kc2 Rb4 47. Bf3 Rb6
48. Rxb6 Kxb6 49. Kc3 Kc7 50. d4 Kd6 51. Be2 Bd7 52. Bc4 Be8 53. Kd3 f6 54. Kc3
g5 55. f4 gxh4 56. gxh4 Bg6 57. Kb2 Be8 58. Kb3 Bg6 59. Kc3 Be8 60. Be2 Bf7 61.
Bf3 Be8 62. Kb2 Bf7 63. Kc2 Be8 64. Kc3 Bf7 65. Be2 Be8 66. Bc4 Bg6 67. Kb2 Be8
68. Kb3 Bg6 69. Ka4 Be8+ 70. Ka5 cxd4 71. exd4 Bc6 72. Bf7 Bf3 73. Kb4 Be2 74.
Kc3 Bf3 75. Kd2 Bg4 76. Kc3 Be2 77. Kb4 Bg4 78. Kb5 Bf3 79. Kb6 Bg4 80. Kb7 Ke7
81. Bc4 Kd6 82. Kc8 Bf3 83. Bf7 Ke7 84. Bc4 Kd6 85. Kd8 Bc6 86. Bf7 Ba4 87. Bxh5
Kd5 88. Bf7+ Kxd4 89. h5 1-0

[Event "PRO League Eastern 2017"]
[Site "chess.com INT"]
[Date "2017.01.18"]
[Round "2"]
[White "Kovalenko, Igor"]
[Black "Lenic, Luka"]
[Result "0-1"]
[WhiteTitle "GM"]
[BlackTitle "GM"]
[WhiteElo "2684"]
[BlackElo "2641"]
[WhiteTeam "Riga Magicians"]
[BlackTeam "Ljubljana Direwolves"]
[WhiteFideId "14117908"]
[BlackFideId "14603853"]
[EventDate "2017.01.11"]

1. c4 e6 2. Nc3 Nf6 3. Nf3 d5 4. d4 c6 5. e3 Nbd7 6. Qc2 Bd6 7. b3 O-O 8. Bb2 e5
9. h3 Re8 10. g4 exd4 11. Nxd4 Bb4 12. O-O-O Qa5 13. Kb1 a6 14. Nf5 Ne5 15. f4
Bxf5 16. gxf5 Nf3 17. Be2 Rxe3 18. Nxd5 Nxd5 19. cxd5 Nd2+ 20. Rxd2 Bxd2 21. Bd3
Qxd5 22. Qxd2 Rxd3 23. Qc1 Rd8 0-1

[Event "PRO League Eastern 2017"]
[Site "chess.com INT"]
[Date "2017.01.18"]
[Round "2"]
[White "Meskovs, Nikita"]
[Black "Jeran, Bostjan"]
[Result "1-0"]
[WhiteTitle "IM"]
[WhiteElo "2490"]
[BlackElo "2236"]
[WhiteTeam "Riga Magicians"]
[BlackTeam "Ljubljana Direwolves"]
[WhiteFideId "11602740"]
[BlackFideId "14604612"]
[EventDate "2017.01.11"]

1. d4 Nf6 2. c4 g6 3. Nc3 d5 4. Bg5 Ne4 5. Bh4 Nxc3 6. bxc3 Bg7 7. e3 c5 8. cxd5
Qxd5 9. Nf3 cxd4 10. cxd4 Nc6 11. Be2 O-O 12. O-O b6 13. Nd2 Bb7 14. Bf3 Qd7 15.
Rc1 Na5 16. Bxb7 Qxb7 17. Qf3 Qd7 18. Rc2 Rac8 19. Rfc1 Rxc2 20. Rxc2 e5 21.
dxe5 Bxe5 22. g4 f5 23. gxf5 Qxf5 24. Qxf5 Rxf5 25. f4 Bf6 26. Rc8+ Kg7 27. Rc7+
Kh6 28. Bxf6 Rxf6 29. Ne4 Rf8 30. Ng5 Kh5 31. Nxh7 Rh8 32. Kg2 Kg4 33. h3+ Kf5
34. Ng5 Rf8 35. e4+ Kxf4 36. Ne6+ 1-0

[Event "PRO League Eastern 2017"]
[Site "chess.com INT"]
[Date "2017.01.18"]
[Round "2"]
[White "Meskovs, Nikita"]
[Black "Skoberne, Jure"]
[Result "1-0"]
[WhiteTitle "IM"]
[BlackTitle "GM"]
[WhiteElo "2490"]
[BlackElo "2542"]
[WhiteTeam "Riga Magicians"]
[BlackTeam "Ljubljana Direwolves"]
[WhiteFideId "11602740"]
[BlackFideId "14604299"]
[EventDate "2017.01.11"]

1. d4 Nf6 2. c4 g6 3. Nc3 Bg7 4. e4 d6 5. Nf3 O-O 6. h3 e5 7. d5 a5 8. g4 Na6 9.
Be3 Nc5 10. Nd2 Bd7 11. b3 c6 12. a3 cxd5 13. cxd5 Qc7 14. Rc1 Rfc8 15. Be2 b5
16. O-O Qb8 17. f3 b4 18. axb4 axb4 19. Ncb1 Ra2 20. Rf2 Ne8 21. Nc4 Bf6 22.
Nbd2 h6 23. Ra1 Rxa1 24. Qxa1 Bg5 25. f4 exf4 26. Bxf4 Bxf4 27. Rxf4 Bb5 28. Qd4
Bxc4 29. Bxc4 Nd7 30. Rf2 Qb6 31. Qxb6 Nxb6 32. Bb5 Rc1+ 33. Kg2 Nc7 34. Bc6 Rc3
35. h4 Kf8 36. g5 hxg5 37. hxg5 Ke7 38. Kf1 Re3 39. Rh2 Na6 40. Kf2 Rc3 41. Rh8
Nc5 42. Re8# 1-0

[Event "PRO League Eastern 2017"]
[Site "chess.com INT"]
[Date "2017.01.18"]
[Round "2"]
[White "Rakesh, Kumar Jena"]
[Black "Kotepalli, Sai Nirupama"]
[Result "0-1"]
[WhiteTitle "FM"]
[BlackTitle "WFM"]
[WhiteElo "2335"]
[BlackElo "1978"]
[WhiteTeam "Odisha Express"]
[BlackTeam "Amaravati Yodhas"]
[WhiteFideId "5084822"]
[BlackFideId "5039444"]
[EventDate "2017.01.11"]

1. e4 c5 2. Nf3 e6 3. b3 Nc6 4. Bb2 d5 5. exd5 Qxd5 6. Nc3 Qd8 7. Bb5 Bd7 8. O-O
Nf6 9. Bxc6 Bxc6 10. Ne5 Qc7 11. Qe2 a6 12. a4 Bd6 13. Nb5 axb5 14. axb5 Rxa1
15. Rxa1 Bd7 16. Ra8+ Bc8 17. b6 Qd8 18. Qb5+ Ke7 19. Nc6+ bxc6 20. Qxc6 Re8 21.
Ba3 Bd7 22. Ra7 Qc8 23. Qf3 Kf8 24. d4 Bc6 25. Qe2 Ne4 26. f3 Nc3 27. Qc4 Nb5
28. Bxc5 Nxa7 29. Bxd6+ Kg8 30. bxa7 Bd5 31. Qxc8 Rxc8 32. c4 Ba8 33. Bc5 f6 34.
b4 Kf7 35. Kf2 Ke8 36. Ke3 Kd7 37. b5 e5 38. Kd3 exd4 39. Bxd4 Kd6 40. c5+ Rxc5
41. Bxc5+ Kxc5 0-1